000
00254nam a2200097Ia 4500
082
_a
THO
245
0
_a
Flying in to love
100
_a
THOMAS, D M (Donald Michael) London, 1992
_9
38157
942
_c
BK
008
210817s9999 xx 000 0 und d
999
_c
135789
_d
135788